Nimeä artisti tai bändi albumin kannen perusteella #2 - Statistics

Yleistilastot
  • Tätä visaa on pelattu 73 kertaa
  • Keskiarvotulos 8 / 16
Vastaustilastot
Kuvavisa Hint Vastaus % Oikein
Arttu Wiskari Arttu Wiskari
92%
Get Rich or Die Tryin' 50 CENT
83%
Take Care Drake
78%
Räppäri Ibe
78%
EK2 Elastinen
72%
The Marshall Mathers LP Eminem
58%
R&G Snoop Dogg
58%
Menestyksen Salaisuus Leevi and the Leavings
54%
Akun tehdas! Eppu Normaali
52%
Graduation Kanye West
45%
IGOR Tyler, the Creator
29%
beerbongs & bentleys Post Malone
22%
The Blueprint Jay-Z
17%
2014 Forest Hills Drive J. Cole
14%
Ready To Die The Notorious B.I.G.
9%
DS2 Future
8%
Ehtoja vastaavia visoja ei löytynyt
Tulosjakauma
Jokaisen tuloksen saaneiden osuus
Persentiili vastausten määrän mukaan
Tuloshistoriasi
Et ole pelannut tätä visaa